000 00921nam a2200265 i 4500
001 000047312
003 DO-SdBNP
005 20241002085507.0
007 ta
008 180502s1983 000 spa d
040 _aDO-SdBNP
_bspa
_cBNPHU
_erda
082 4 _bI37a
_222
100 1 _aIncháustegui, Arístides,
_976757
_eautor
245 1 0 _aApuntes para la historia del Himno Nacional Dominicano /
_cArìstides Inchàustegui ; Ediciòn, Blanca Delgado Malagón
250 _a2a. edición
264 _aSanto Domingo :
_bMuseo Nacional de Historia y Geografía
_bAsociación Jaycees Dominicana,
_c1983.
300 _a71 páginas ;
_c22 cm
336 _2rdacontent
_atexto
_btxt
337 _2rdamedia
_asin mediación
_bn
338 _2rdacarrier
_avolumen
_bnc
590 _aInventariado, 2020 / DG
700 _aDelgado Malagòn, Blanca,
_eEdiciòn
_922928
910 _aInventariado, 2020 / DG
942 _2ddc
_cLBS1
999 _c46800
_d46800